Research in extension education for accelerating development process (Record no. 353259)

000 -LEADER
fixed length control field 00582cam a22001577a 4500
008 - FIXED-LENGTH DATA ELEMENTS--GENERAL INFORMATION
fixed length control field 180718b1970 xxu||||| |||| 00| 0 eng d
082 ## - DEWEY DECIMAL CLASSIFICATION NUMBER
Classification number Z12x54 Si64
245 ## - TITLE STATEMENT
Title Research in extension education for accelerating development process
Statement of responsibility, etc. edited by K. N. Singh, C. S. S. Rao and B. N. Sahay
260 ## - PUBLICATION, DISTRIBUTION, ETC.
Place of publication, distribution, etc. New Delhi
Name of publisher, distributor, etc. Indian Agricultural Research Institute
Date of publication, distribution, etc. 1970
300 ## - PHYSICAL DESCRIPTION
Extent 496p.
650 ## - SUBJECT ADDED ENTRY--TOPICAL TERM
Topical term or geographic name entry element Agricultural education --India --Congresses
650 ## - SUBJECT ADDED ENTRY--TOPICAL TERM
Topical term or geographic name entry element Agricultural extension work --India --Congresses
700 ## - ADDED ENTRY--PERSONAL NAME
Personal name Sahay, B. N.
700 ## - ADDED ENTRY--PERSONAL NAME
Personal name Rao, C. S. S.
700 ## - ADDED ENTRY--PERSONAL NAME
Personal name Singh, K. N.
Holdings
Withdrawn status Lost status Damaged status Not for loan Permanent Location Current Location Date acquired Full call number Barcode Date last seen Price effective from Koha item type
        Indian Institute of Public Administration Indian Institute of Public Administration 1993-12-01 Z12x54 Si64 46427 2018-07-21 2018-07-21 Book

Powered by Koha